Normal view
MARC view
- Frustaci Pasquale
Entry Personal Name
001 - CONTROL NUMBER
- control field: 6837
003 - CONTROL NUMBER IDENTIFIER
- control field: IT-RoPau
005 - DATE AND TIME OF LATEST TRANSACTION
- control field: 20131231155811.0
008 - FIXED-LENGTH DATA ELEMENTS
- fixed length control field: 131231|| aca||aabn | a|a d
040 ## - CATALOGING SOURCE
- Original cataloging agency: IT-RoPau
- Transcribing agency: IT-RoPau
100 ## - HEADING--PERSONAL NAME
- Personal name: Frustaci Pasquale
- Dates associated with a name: Codice autore musica SPICS: 13530
- Relator term: Autore musica
- Name of part/section of a work: Maria Luisa
670 ## - SOURCE DATA FOUND
- Source citation: Work cat.: (IT-RoPau)99740: AA.VV. 794, Trent'anni dopo (Lp Cbs Dbr 69202)